[Event "POHÁR města Říčany 2022"]
[Site "Městské kulturní středisko U labutě"]
[Date "2022.09.03"]
[Round "9.8"]
[White "Horak, Jan"]
[Black "Skypala, Ondrej"]
[Result "1/2-1/2"]
[WhiteElo "2155"]
[BlackElo "2140"]
[PlyCount "0"]
[EventDate "2022.08.27"]

1. d4 e6 2. Nf3 Nf6 3. e3 b6 4. Bd3 Bb7 5. Nbd2 c5 6. O-O Nc6 7. a3 Be7 8. b3
O-O 9. Bb2 Rc8 10. Qe2 d5 11. Ne5 Nd7 12. f4 f5 13. Nxd7 Qxd7 14. Nf3 Bf6
15. Rfd1 Na5 16. Bb5 Qc7 17. Rac1 c4 18. b4 Nc6 19. Bxc6 Bxc6 20. Bc3 Be8
21. Ne5 Kh8 22. Ra1 b5 23. Kf2 g5 24. g3 Qg7 25. Rg1 Qh6 26. Ke1 Rd8 27. Kd2 Rg8
28. Kc1 Bh5 29. Qf2 Rg7 30. Kb2 Rdg8 31. Rae1 Be8 32. Qd2 Bd8 33. Nf3 Bh5
34. Ne5 Qf6 35. Qf2 Be8 36. Nf3 h6 37. Qd2 g4 38. Nh4 Qf8 39. Qe2 a5 40. bxa5
Ra7 41. Bb4 c3+ 42. Kxc3 Bxa5 43. Kb3 Qf7 44. Qd2 Qc7 45. Qc3 Bc6 46. Ra1 Kh7
47. Ng2 Rga8 48. Rgb1 Bxb4 49. axb4 Ra4 50. Rxa4 bxa4+ 51. Ka3 Qd7 1/2-1/2

[Event "POHÁR města Říčany 2022"]
[Site "Městské kulturní středisko U labutě"]
[Date "2022.09.03"]
[Round "9.9"]
[White "Petrun, Milan"]
[Black "Seidl, Jan"]
[Result "0-1"]
[WhiteElo "1880"]
[BlackElo "1949"]
[PlyCount "0"]
[EventDate "2022.08.27"]

1. e4 c6 2. d4 d5 3. Nc3 dxe4 4. Nxe4 Nf6 5. Nxf6+ exf6 6. Nf3 Bg4 7. Be2 Bd6
8. c3 O-O 9. O-O Nd7 10. Re1 Re8 11. Be3 Nf8 12. Qd2 Qc7 13. g3 f5 14. c4 f4
15. gxf4 Ng6 16. Ne5 Bxe2 17. Qxe2 c5 18. Qg4 cxd4 19. Bxd4 Nxe5 20. fxe5 Bxe5
21. Rxe5 Rxe5 22. f4 f5 23. Qg5 Re6 24. Qxf5 Rg6+ 25. Kf2 Qxc4 26. Qe5 Qc2+
27. Ke3 Qxh2 28. Rf1 Rd8 29. Qc7 Qh3+ 0-1

[Event "POHÁR města Říčany 2022"]
[Site "Městské kulturní středisko U labutě"]
[Date "2022.09.03"]
[Round "9.10"]
[White "Horinek, Karel"]
[Black "Benes, Jachym"]
[Result "1/2-1/2"]
[WhiteElo "1946"]
[BlackElo "1876"]
[PlyCount "0"]
[EventDate "2022.08.27"]

1. e4 e6 2. d4 d5 3. Nd2 c5 4. exd5 Qxd5 5. dxc5 Bxc5 6. Ngf3 Nf6 7. Bc4 Qd7
8. O-O b5 9. Ne5 Qb7 10. Bd3 Nbd7 11. Nef3 O-O 12. Qe2 a6 13. a4 b4 14. Nb3 Bd6
15. Na5 Qc7 16. Nc4 Be7 17. Bg5 Nc5 18. a5 Bb7 19. Nb6 Rad8 20. Bc4 Ng4 21. g3
Bxg5 22. Nxg5 Qc6 23. f3 Nh6 24. Rae1 Nf5 25. c3 bxc3 26. bxc3 Nd6 27. Qf2 g6
28. Ba2 h6 29. Nxe6 Nxe6 30. Bxe6 Kh7 31. Bh3 {dale je partie necitelna} 1/2-1/2

[Event "POHÁR města Říčany 2022"]
[Site "Městské kulturní středisko U labutě"]
[Date "2022.09.03"]
[Round "9.11"]
[White "Taborsky, Rostislav"]
[Black "Bartos, Vaclav"]
[Result "1-0"]
[WhiteElo "2192"]
[BlackElo "1889"]
[PlyCount "0"]
[EventDate "2022.08.27"]

1. d4 Nf6 2. c4 e6 3. Nf3 Bb4+ 4. Bd2 Qe7 5. g3 O-O 6. Bg2 a5 7. O-O Bxd2
8. Qxd2 d6 9. Nc3 Nbd7 10. e4 e5 11. Rae1 c6 12. Nh4 g6 13. f4 Rb8 14. Nf3 b5
15. cxb5 cxb5 16. Nd5 Nxd5 17. exd5 e4 18. f5 gxf5 19. Nh4 Nb6 20. Nxf5 Bxf5
21. Rxf5 Nc4 22. Qh6 e3 23. Rg5+ Kh8 24. Qg7# 1-0

[Event "POHÁR města Říčany 2022"]
[Site "Městské kulturní středisko U labutě"]
[Date "2022.09.03"]
[Round "9.12"]
[White "Yagiz, Bora"]
[Black "Popov, Roman"]
[Result "1-0"]
[WhiteElo "2154"]
[BlackElo "1878"]
[PlyCount "0"]
[EventDate "2022.08.27"]

1. e4 c6 2. d4 d5 3. e5 c5 4. dxc5 Nc6 5. Nf3 Bg4 6. c3 e6 7. Be3 Bxf3 8. Qxf3
Nxe5 9. Bb5+ Nc6 10. c4 Nf6 11. Nc3 Be7 12. cxd5 exd5 13. O-O O-O 14. Rfd1 Qa5
15. a3 a6 16. Bf1 d4 17. b4 Qd8 18. Ra2 Qd7 19. Rad2 Rfd8 20. Bxd4 Nxd4 21. Rxd4
Qxd4 22. Rxd4 Rxd4 23. Qxb7 Re8 24. c6 Bd6 25. c7 Bxc7 26. Qxc7 h6 27. Bxa6 Re1+
28. Bf1 Rd2 29. f3 Rc2 30. Qc5 Re3 31. Qc8+ Ne8 32. a4 Rcxc3 33. Qd8 Rc2 34. Qd1
Rb2 35. b5 Kf8 36. Bc4 Ke7 37. Qc1 Nd6 38. Qxb2 Nxc4 39. Qb4+ 1-0

[Event "POHÁR města Říčany 2022"]
[Site "Městské kulturní středisko U labutě"]
[Date "2022.09.03"]
[Round "9.13"]
[White "Voracek, Zdenek"]
[Black "Rousek, Jan"]
[Result "0-1"]
[WhiteElo "1891"]
[BlackElo "2040"]
[PlyCount "0"]
[EventDate "2022.08.27"]

1. d4 Nf6 2. c4 g6 3. Nc3 d5 4. e3 Bg7 5. Nf3 O-O 6. b3 c5 7. Be2 Nc6 8. Bb2
cxd4 9. exd4 b6 10. Ne5 Bb7 11. Nxc6 Bxc6 12. O-O Rc8 13. a4 a5 14. Qd2 Qd7
15. Rfd1 Rfd8 16. Nb5 dxc4 17. bxc4 Ne4 18. Qe3 Bxb5 19. axb5 Nd6 20. Rac1 Nf5
21. Qd2 Nxd4 22. Kh1 Qc7 23. Bxd4 Rxd4 24. Qe3 Rcd8 25. Rxd4 Bxd4 26. Qh6 Bxf2
27. Rf1 Qe5 28. Rxf2 Qxe2 29. Qf4 Rd1+ 0-1

[Event "POHÁR města Říčany 2022"]
[Site "Městské kulturní středisko U labutě"]
[Date "2022.09.03"]
[Round "9.14"]
[White "Maslo, Ondrej"]
[Black "Bezdek, Tomas"]
[Result "0-1"]
[WhiteElo "1870"]
[BlackElo "2034"]
[PlyCount "0"]
[EventDate "2022.08.27"]

1. e4 e6 2. d4 d5 3. Nd2 Be7 4. Bd3 Nf6 5. e5 Nfd7 6. Ngf3 c5 7. c3 Nc6 8. Bc2
a5 9. O-O cxd4 10. cxd4 b5 11. a4 Qb6 12. axb5 Nxd4 13. Nxd4 Qxd4 14. Nf3 Qxd1
15. Rxd1 Nb6 16. Bd3 f6 17. Bd2 a4 18. Rdc1 Kf7 19. Rc7 Nd7 20. b6 Nxb6 21. Be3
Nd7 22. Bb5 Bd8 23. Rxd7+ Bxd7 24. Bxd7 Bc7 25. Bd4 Rhb8 26. Rxa4 Rxa4 27. Bxa4
Bb6 28. b3 Rc8 29. Kf1 Bxd4 30. Nxd4 Rc1+ 31. Ke2 fxe5 32. Nf3 Kf6 33. Nd2 Ra1
34. f3 Ke7 35. Bb5 Kd6 36. Bd3 h6 37. b4 Ra2 38. b5 Kc5 39. Ke1 Kd4 40. Be2 Rb2
41. h3 Kc3 42. Nf1 d4 43. Ng3 d3 44. Ne4+ Kd4 45. Bd1 Ke3 46. Kf1 Rxb5 47. Nf2
Rb1 48. Ng4+ Kd2 49. Nxe5 Rxd1+ 50. Kf2 Kc2 51. Nc4 d2 52. Ne3+ Kc1 0-1

[Event "POHÁR města Říčany 2022"]
[Site "Městské kulturní středisko U labutě"]
[Date "2022.09.03"]
[Round "9.15"]
[White "Chernyy, Andrey"]
[Black "Elias, Jakub"]
[Result "1/2-1/2"]
[WhiteElo "1534"]
[BlackElo "1982"]
[PlyCount "0"]
[EventDate "2022.08.27"]

1. e4 c5 2. Nf3 e6 3. g3 Nc6 4. Bg2 Nf6 5. d3 d5 6. Qe2 dxe4 7. dxe4 e5 8. O-O
Be6 9. c3 Be7 10. Nbd2 Qc7 11. b3 O-O 12. Bb2 Rad8 13. Rfd1 h6 14. h3 Nh7
15. Nc4 Rfe8 16. Ne3 Bf8 17. Nd5 Qb8 18. Rd2 g6 19. Rad1 Bg7 20. Qe3 b6 21. Bf1
Qc8 22. Bb5 Kh8 23. Kh2 h5 24. Ng5 Nf8 25. c4 Qb7 26. Qf3 Nh7 27. Nxh7 Kxh7
28. Bxc6 Qxc6 29. Nf6+ Bxf6 30. Qxf6 Rxd2 31. Rxd2 Bd5 32. Bxe5 Qxf6 33. Bxf6
Bxe4 34. Rd7 Kg8 35. Rxa7 Re6 36. Bc3 Bf3 37. Rd7 g5 38. Rd3 g4 39. Rd2 Kh7
40. Rb2 1/2-1/2

[Event "POHÁR města Říčany 2022"]
[Site "Městské kulturní středisko U labutě"]
[Date "2022.09.03"]
[Round "9.17"]
[White "Hlavacek, Ondrej"]
[Black "Placer, Sebastian"]
[Result "0-1"]
[WhiteElo "1831"]
[BlackElo "2090"]
[PlyCount "0"]
[EventDate "2022.08.27"]

1. Nf3 d5 2. d4 Nf6 3. g3 g6 4. Bg2 Bg7 5. c4 dxc4 6. Qa4+ Nfd7 7. Qxc4 Nc6
8. e3 Nb6 9. Qd3 e5 10. O-O O-O 11. Rd1 exd4 12. Nxd4 Nxd4 13. exd4 c6 14. Nc3
Bg4 15. Bf3 Bf5 16. Be4 Bxe4 17. Nxe4 Nd5 18. Nc3 Qd7 19. Qf3 Rfd8 20. Bg5 f6
21. Be3 Qf7 22. a3 f5 23. Bg5 Rd6 24. Rd3 h6 25. Be3 Rad8 26. Rad1 a6 27. Nxd5
Rxd5 28. b4 a5 29. h4 axb4 30. axb4 Qd7 31. Rb3 Bxd4 32. Bxd4 Rxd4 33. Rxd4 Qxd4
34. Re3 {necitelne} 0-1

[Event "POHÁR města Říčany 2022"]
[Site "Městské kulturní středisko U labutě"]
[Date "2022.09.03"]
[Round "9.18"]
[White "Pressler, Tobias"]
[Black "Simecek, Bohumil"]
[Result "1/2-1/2"]
[WhiteElo "1821"]
[BlackElo "2051"]
[PlyCount "0"]
[EventDate "2022.08.27"]

1. d4 Nf6 2. Bg5 e6 3. Nc3 d5 4. Qd2 c5 5. dxc5 Bxc5 6. e4 d4 7. Na4 Be7 8. e5
Ng8 9. Bxe7 Nxe7 10. Nf3 Nbc6 11. Bb5 Qd5 12. Nxd4 Qxe5+ 13. Qe3 Qxe3+ 14. fxe3
Bd7 15. Nc5 O-O-O 16. O-O-O Be8 17. Nxc6 Bxc6 18. Bxc6 Nxc6 19. Ne4 Ne5 20. Rhf1
Rxd1+ 21. Rxd1 Rd8 22. Nd6+ Kb8 23. Rd4 a6 24. c4 Rd7 25. Kc2 g6 26. Kc3 f5
27. h3 Kc7 28. Ne8+ Kc6 29. Nf6 Rf7 30. Ne8 Rd7 31. Nf6 Rf7 32. Ne8 Rd7 33. Nf6
1/2-1/2

[Event "POHÁR města Říčany 2022"]
[Site "Městské kulturní středisko U labutě"]
[Date "2022.09.03"]
[Round "9.19"]
[White "Steiner, Juraj"]
[Black "Svetly, Jiri"]
[Result "0-1"]
[WhiteElo "2005"]
[BlackElo "1825"]
[PlyCount "0"]
[EventDate "2022.08.27"]

1. d4 Nf6 2. c4 g6 3. Nc3 Bg7 4. e4 d6 5. Be2 O-O 6. Be3 e5 7. d5 Nbd7 8. g4
Nc5 9. Bf3 a5 10. g5 Ne8 11. h4 f5 12. Qe2 a4 13. Rd1 b6 14. Bg2 Bd7 15. Nf3
fxe4 16. Nd2 Nd3+ 17. Kf1 Nxb2 18. Rb1 Nd3 19. Bxe4 Nf4 20. Qd1 Bh3+ 21. Ke1 Qd7
22. Rg1 Bf5 23. Qc2 Bh8 24. Nf3 Ng7 25. Kd2 Qf7 26. Bxf4 Bxe4 27. Qxe4 Qxf4+
28. Qxf4 Rxf4 29. Ne1 Rxf2+ 30. Ke3 Rh2 31. Nf3 Nf5+ 32. Ke4 Rh3 33. Rg4 Rf8
34. Rbg1 Nxh4 35. Rxh4 Rfxf3 36. Rxh3 Rxh3 37. Nb5 Rh4+ 38. Ke3 0-1

[Event "POHÁR města Říčany 2022"]
[Site "Městské kulturní středisko U labutě"]
[Date "2022.09.03"]
[Round "9.20"]
[White "Kubice, Jakub"]
[Black "Hejsek, Lukas"]
[Result "0-1"]
[WhiteElo "1750"]
[BlackElo "1994"]
[PlyCount "0"]
[EventDate "2022.08.27"]

1. d4 Nf6 2. Nf3 g6 3. g3 c5 4. d5 Bg7 5. Bg2 d6 6. O-O b5 7. Ne1 O-O 8. e4 Bb7
9. c3 Nbd7 10. a4 a6 11. Na3 Nb6 12. axb5 axb5 13. Qb3 Ra4 {nesrozumitelny
zapis} 0-1

[Event "POHÁR města Říčany 2022"]
[Site "Městské kulturní středisko U labutě"]
[Date "2022.09.03"]
[Round "9.21"]
[White "Vavrinec, Tomas"]
[Black "Davidek, Zdenek"]
[Result "1-0"]
[WhiteElo "1911"]
[BlackElo "1621"]
[PlyCount "0"]
[EventDate "2022.08.27"]

1. Nf3 Nf6 2. c4 e6 3. g3 d5 4. Bg2 Be7 5. O-O O-O 6. b3 b6 7. Bb2 Bb7 8. d3
Nbd7 9. Nbd2 c5 10. e3 Rc8 11. Qe2 Re8 12. e4 Nf8 13. e5 N6d7 14. d4 Ng6
15. Rfd1 cxd4 16. Bxd4 Bc5 17. Bb2 Qc7 18. Rac1 Ba6 19. a3 Qb8 20. h4 b5 21. h5
Ne7 22. cxd5 Nxd5 23. Ne4 Bf8 24. Qd2 b4 25. a4 Rxc1 26. Rxc1 Rc8 27. Rxc8 Qxc8
28. Qd4 Qc2 29. Nd6 Qc7 30. Ne8 Qb8 31. Nd6 Qc7 32. h6 g6 33. Ng5 Ne7 34. Ne8
Qc8 35. Qxd7 Qxd7 36. Nf6+ Kh8 37. Nxf7# 1-0

[Event "POHÁR města Říčany 2022"]
[Site "Městské kulturní středisko U labutě"]
[Date "2022.09.03"]
[Round "9.22"]
[White "Skala, Jaromir"]
[Black "Hampl, David"]
[Result "1-0"]
[WhiteElo "1862"]
[BlackElo "1639"]
[PlyCount "0"]
[EventDate "2022.08.27"]

1. d4 Nf6 2. c4 g6 3. Nc3 d5 4. cxd5 Nxd5 5. e4 Nxc3 6. bxc3 Bg7 7. Bc4 c5
8. Ne2 O-O 9. O-O Nc6 10. Be3 Bg4 11. dxc5 Na5 12. Qa4 Nxc4 13. Qxc4 Bxe2
14. Qxe2 Bxc3 15. Rac1 Qa5 16. c6 bxc6 17. Qc4 Bf6 18. Rc2 Rfd8 19. Rfc1 a6
20. a4 Rab8 21. Bc5 Rb7 22. g3 Rdb8 23. Ba3 Rc8 24. Bc5 Be5 25. Rd1 Rd8
26. Rxd8+ Qxd8 27. Be3 a5 28. Rd2 Qc7 29. Qa6 Bd6 30. Rc2 Rb1+ 31. Kg2 Bb4
32. Rxc6 Qd7 33. Bh6 Rd1 34. Rc8+ Qd8 35. Qc6 Rd6 36. Qc7 1-0

[Event "POHÁR města Říčany 2022"]
[Site "Městské kulturní středisko U labutě"]
[Date "2022.09.03"]
[Round "9.23"]
[White "Pejrimovsky, Tadeas Rubel"]
[Black "Cervenka, Petr"]
[Result "1-0"]
[WhiteElo "1716"]
[BlackElo "1928"]
[PlyCount "0"]
[EventDate "2022.08.27"]

1. e4 e6 2. Nf3 d5 3. e5 c5 4. b4 cxb4 5. d4 Nc6 6. a3 Bd7 7. axb4 Bxb4+ 8. c3
Ba5 9. Bd3 Nge7 10. O-O Rc8 11. Ng5 Ng6 12. Qf3 f6 13. Nxh7 f5 14. Qh5 Ne7
15. Bg5 Qb6 16. Bxe7 Kxe7 17. Qxg6 Rcg8 18. Ng5 a6 19. Nf3 Bb5 20. Bxb5 Qxb5
21. Ng5 Bd8 22. Qxe6+ Kf8 23. Qf7# 1-0

[Event "POHÁR města Říčany 2022"]
[Site "Městské kulturní středisko U labutě"]
[Date "2022.09.03"]
[Round "9.24"]
[White "Hosova, Sandra"]
[Black "Petras, Milan"]
[Result "0-1"]
[WhiteElo "1708"]
[BlackElo "1896"]
[PlyCount "0"]
[EventDate "2022.08.27"]

1. d4 d5 2. Nf3 c5 3. Bf4 cxd4 4. Nxd4 Nc6 5. e3 f6 6. Bb5 Qd7 7. Ba4 g6 8. Nc3
e5 9. Nxc6 bxc6 10. Bg3 Bb4 11. O-O Bxc3 12. bxc3 Ne7 13. Qf3 O-O 14. h3 Qf5
15. Qe2 a5 16. Rfd1 Qe4 17. Bb3 a4 18. f3 Qf5 19. Bxd5+ cxd5 20. e4 Qe6 21. Bf2
Ba6 22. Qe3 Rfd8 23. Rab1 dxe4 24. Qxe4 Qc4 25. Qe3 Nd5 26. Rxd5 Qxd5 27. Qb6
Rd6 28. Qc7 Rd7 29. Qb6 Kf7 30. Qe3 Kg7 31. a3 Rc8 32. Rb4 Rc4 33. Rb8 Rcc7
34. Re8 0-1

[Event "POHÁR města Říčany 2022"]
[Site "Městské kulturní středisko U labutě"]
[Date "2022.09.03"]
[Round "9.25"]
[White "Tichy, Tomas"]
[Black "Havelka, Petr"]
[Result "1/2-1/2"]
[WhiteElo "1535"]
[BlackElo "1817"]
[PlyCount "0"]
[EventDate "2022.08.27"]

1. e4 d5 2. exd5 Qxd5 3. Nc3 Qd8 4. d4 Nf6 5. Nf3 Bg4 6. Be2 e6 7. O-O Be7
8. h3 Bxf3 9. Bxf3 c6 10. Bf4 O-O 11. Ne4 Nxe4 12. Bxe4 Bf6 13. c3 g6 14. Bh6
Bg7 15. Qd2 Na6 16. g3 1/2-1/2

[Event "POHÁR města Říčany 2022"]
[Site "Městské kulturní středisko U labutě"]
[Date "2022.09.03"]
[Round "9.26"]
[White "Meca, Viktor"]
[Black "Zemen, Pavel"]
[Result "1-0"]
[WhiteElo "1796"]
[BlackElo "1731"]
[PlyCount "0"]
[EventDate "2022.08.27"]

1. e4 c5 2. Nf3 Nc6 3. d4 cxd4 4. Nxd4 g6 5. Nc3 Bg7 6. Nde2 Nf6 7. g3 O-O
8. Bg2 d6 9. O-O Bd7 10. h3 Rc8 11. Be3 b6 12. Qd2 Ne5 13. b3 Bxh3 14. f4 Bxg2
15. fxe5 Bxf1 16. exf6 Bxf6 17. Rxf1 Re8 18. Nd5 Bg7 19. c4 Qd7 20. Kg2 Qe6
21. Qd3 h5 22. Nd4 Qd7 23. Bg5 Rb8 24. Qf3 Rf8 25. Nxe7+ Kh7 26. Ndc6 Rbe8
27. Bf6 Bh6 28. Rd1 Qe6 29. Nd4 Qd7 30. Nd5 Qb7 31. Nb5 Qd7 32. Be7 1-0

[Event "POHÁR města Říčany 2022"]
[Site "Městské kulturní středisko U labutě"]
[Date "2022.09.03"]
[Round "9.27"]
[White "Chmelik, Ladislav"]
[Black "Strnadova, Monika"]
[Result "0-1"]
[WhiteElo "1734"]
[BlackElo "1564"]
[PlyCount "0"]
[EventDate "2022.08.27"]

1. e4 c5 2. Nc3 Nc6 3. f4 a6 4. Nf3 e6 5. Be2 Nge7 6. O-O g6 7. Kh1 Bg7 8. e5
f6 9. exf6 Bxf6 10. Ne4 Nf5 11. Nxf6+ Qxf6 12. c3 O-O 13. g4 Nfe7 14. d4 cxd4
15. cxd4 b5 16. Ne5 Bb7 17. Bf3 Rad8 18. Bd2 d6 19. Nxc6 Bxc6 20. Bxc6 Nxc6
21. d5 exd5 22. Qf3 Qd4 23. Rac1 Rc8 24. Rcd1 Qe4 25. Kg2 Nd4 26. Qxe4 dxe4
27. Bc3 Ne2 28. Bb4 Nxf4+ 29. Kh1 e3 30. Rfe1 Nh3 31. Kg2 Rc2+ 32. Kxh3 Rf3+
33. Kh4 Rxh2+ 34. Kg5 Kf7 0-1

[Event "POHÁR města Říčany 2022"]
[Site "Městské kulturní středisko U labutě"]
[Date "2022.09.03"]
[Round "9.28"]
[White "Bednar, Milos"]
[Black "Pisar, Tomas"]
[Result "1/2-1/2"]
[WhiteElo "1798"]
[BlackElo "1624"]
[PlyCount "0"]
[EventDate "2022.08.27"]

1. e4 e5 2. Nf3 Nc6 3. Bc4 Be7 4. O-O Nf6 5. Re1 O-O 6. d4 d6 7. h3 exd4
8. Nxd4 Nxd4 9. Qxd4 Nd7 10. Nc3 Bf6 11. Qe3 Nc5 12. Bd2 Be6 13. Nd5 Bxd5
14. exd5 Bxb2 15. Rab1 Bf6 16. Bb4 Nd7 17. Bb5 a6 18. Bxd7 Qxd7 19. Bc3 Rfe8
20. Qd3 Bxc3 21. Qxc3 b6 22. Qd3 a5 23. c4 Re7 24. Kf1 Rae8 25. Qb3 Rxe1+
26. Rxe1 Rxe1+ 27. Kxe1 Kf8 28. Qb5 Qxb5 29. cxb5 Ke7 30. Ke2 f5 31. f4 Kf6
32. h4 1/2-1/2

[Event "POHÁR města Říčany 2022"]
[Site "Městské kulturní středisko U labutě"]
[Date "2022.09.03"]
[Round "9.29"]
[White "Pejrimovska, Viola Ruby"]
[Black "Kovar, Jan"]
[Result "0-1"]
[WhiteElo "1626"]
[BlackElo "1798"]
[PlyCount "0"]
[EventDate "2022.08.27"]

1. e4 e6 2. Nf3 d5 3. e5 c5 4. b4 cxb4 5. d4 Nc6 6. a3 Bd7 7. axb4 Bxb4+ 8. c3
Be7 9. Bd3 Rc8 10. O-O Na5 11. Nfd2 a6 12. f4 f5 13. exf6 Nxf6 14. g4 O-O 15. g5
Ne4 16. Nxe4 dxe4 17. Bxe4 g6 18. h4 Bc6 19. Bc2 Qd5 20. Qg4 Qh1+ 21. Kf2 Qh2+
22. Ke3 Qxc2 23. Rxa5 Qxb1 24. Qxe6+ Kh8 25. Re5 Bb5 26. Re1 Rxc3+ 27. Kf2 Rxc1
28. Qxe7 Rxf4+ 29. Kg3 Rxe1 30. Kxf4 Rf1+ 31. Kg3 Rg1+ 32. Kh2 Rh1+ 33. Kg3 Qg1+
34. Kf3 Rh3+ 35. Ke4 Qg2+ 36. Kf4 Qf3# 0-1

[Event "POHÁR města Říčany 2022"]
[Site "Městské kulturní středisko U labutě"]
[Date "2022.09.03"]
[Round "9.30"]
[White "Pavlicek, Petr"]
[Black "Bara, Jan"]
[Result "1-0"]
[WhiteElo "1781"]
[BlackElo "1592"]
[PlyCount "0"]
[EventDate "2022.08.27"]

1. c4 Nf6 2. Nf3 g6 3. d4 Bg7 4. Nc3 d5 5. g3 O-O 6. Bg2 c6 7. cxd5 Nxd5 8. O-O
Bg4 9. h3 Bxf3 10. Bxf3 Nxc3 11. bxc3 Nd7 12. Rb1 Nb6 13. Qb3 Qd7 14. Kg2 Rfe8
15. a4 Rab8 16. Rd1 Nd5 17. e4 Nf6 18. Bf4 b5 19. Bxb8 Rxb8 20. e5 Ne8 21. Be4
a6 22. f4 e6 23. Qb4 Bf8 24. Qa5 Nc7 25. Rb3 Nd5 26. Kf3 Ra8 27. axb5 cxb5
28. Ra1 Ra7 29. Rc1 f5 30. Bd3 Nc7 31. Ke3 Qd5 32. Rb2 b4 33. cxb4 Qxa5 34. bxa5
Nd5+ 35. Ke2 Bb4 36. Rc6 Kf7 37. Bxa6 Bxa5 38. Rb7+ Rxb7 39. Bxb7 Bb6 40. Bc8
Ke7 41. Bxe6 Nc7 42. d5 Na8 43. Rc8 Nc7 44. d6+ Kxe6 45. dxc7 Kd7 46. Rh8 Kxc7
47. Rxh7+ Kc6 48. Rg7 Kd5 49. Rxg6 Bc5 50. h4 1-0

[Event "POHÁR města Říčany 2022"]
[Site "Městské kulturní středisko U labutě"]
[Date "2022.09.03"]
[Round "9.31"]
[White "Horyna, Josef"]
[Black "Gacho, Ondrej"]
[Result "0-1"]
[WhiteElo "1694"]
[BlackElo "1517"]
[PlyCount "0"]
[EventDate "2022.08.27"]

1. d4 d5 2. Nf3 Nf6 3. g3 Bf5 4. Bg2 e6 5. O-O c6 6. c4 Nbd7 7. cxd5 exd5
8. Nc3 Bd6 9. b3 O-O 10. Bb2 Re8 11. e3 Ne4 12. Nd2 Ndf6 13. Ndxe4 Nxe4 14. Nxe4
Bxe4 15. Rc1 Qg5 16. Re1 Re6 17. f4 Qe7 18. Bxe4 Rxe4 19. Qf3 Re8 20. Kf2 Qe6
21. Re2 g6 22. Rcc2 Qh3 23. Ke1 h6 24. Qf2 Qd7 25. Kd1 b6 26. Kc1 c5 27. Kd1 Qb5
28. Re1 Qd3+ 29. Qd2 Rxe3 30. Rxe3 Qxe3 31. Qxe3 Rxe3 32. Kd2 Re4 33. Kd3 f5
34. a4 Kf7 35. Rc1 Ke7 36. Rc2 Kd7 37. Rc1 Kc6 38. Ra1 Be7 39. Rf1 Bf6 40. Rc1
Bxd4 41. Bxd4 Rxd4+ 42. Ke3 Rb4 0-1

[Event "POHÁR města Říčany 2022"]
[Site "Městské kulturní středisko U labutě"]
[Date "2022.09.03"]
[Round "9.32"]
[White "Sadil, Antonin"]
[Black "Feierfeil, Jiri"]
[Result "1/2-1/2"]
[WhiteElo "1546"]
[BlackElo "1684"]
[PlyCount "0"]
[EventDate "2022.08.27"]

1. e4 c5 2. Nf3 Nc6 3. c3 d5 4. exd5 Qxd5 5. d4 cxd4 6. cxd4 e6 7. Be2 Nf6
8. Nc3 Qd8 9. O-O Be7 10. a3 O-O 11. Bf4 a6 12. Re1 b5 13. Rc1 Bb7 14. Qd3 Rc8
15. Red1 Na5 16. b4 Nc4 17. Qb1 Nxa3 18. Qb3 Nc4 19. Ne5 Nb6 20. Bd3 Nbd5
21. Nxd5 Bxd5 22. Qa3 Qb6 23. Bg5 Qb7 24. Bxf6 Bxf6 25. Ng4 Be7 26. Rxc8 Rxc8
27. f3 Rc7 28. Bb1 Qc8 29. Qd3 f5 30. Ne5 Bxb4 31. g4 Rc3 32. Qe2 f4 33. Qd2 g5
34. Qg2 Rc1 35. Bxh7+ Kg7 36. Qf1 Rc3 37. Bb1 Bd6 38. Qh3 Qh8 39. Qxh8+ Kxh8
40. Nf7+ Kg7 41. Nxd6 Bxf3 42. Re1 Bxg4 43. Ne4 Rc4 44. Nf2 Bf3 45. Ba2 Rxd4
46. Bxe6 b4 47. Ra1 Rd6 48. Bc4 Bb7 49. Ra5 Rb6 50. Bb3 Kh6 51. Nh3 Rd6 52. Nf2
1/2-1/2

[Event "POHÁR města Říčany 2022"]
[Site "Městské kulturní středisko U labutě"]
[Date "2022.09.03"]
[Round "9.33"]
[White "Cabart, Pavel"]
[Black "Jankovsky, Zbynek"]
[Result "0-1"]
[WhiteElo "1757"]
[BlackElo "1552"]
[PlyCount "0"]
[EventDate "2022.08.27"]

1. e4 e6 2. Nf3 c5 3. d4 cxd4 4. Nxd4 Nc6 5. Nc3 Bb4 6. Nxc6 bxc6 7. Bd3 Ne7
8. O-O Bxc3 9. bxc3 O-O 10. c4 e5 11. Ba3 Re8 12. Bd6 Ng6 13. Qg4 c5 14. Bxc5 d6
15. Qg3 dxc5 16. Rab1 Ba6 17. Rb3 Qa5 18. a3 Rad8 19. h4 Nf4 20. Kh1 Rd6 21. Qf3
Ne6 0-1

[Event "POHÁR města Říčany 2022"]
[Site "Městské kulturní středisko U labutě"]
[Date "2022.09.03"]
[Round "9.34"]
[White "Rerabek, Jaroslav"]
[Black "Mrazek, Adam"]
[Result "0-1"]
[WhiteElo "1673"]
[BlackElo "1546"]
[PlyCount "0"]
[EventDate "2022.08.27"]

1. e4 c5 2. Nf3 Nc6 3. c3 Nf6 4. Bd3 d5 5. exd5 Qxd5 6. Be2 e5 7. O-O Be7
8. Re1 e4 9. c4 Qd6 10. Ng5 h6 11. Nh3 Bxh3 12. gxh3 O-O-O 13. Nc3 Qe5 14. Nd5
Nxd5 15. cxd5 Nd4 16. f4 exf3 17. Bc4 f2+ 18. Kxf2 Qxh2+ 19. Ke3 Qg3+ 0-1

[Event "POHÁR města Říčany 2022"]
[Site "Městské kulturní středisko U labutě"]
[Date "2022.09.03"]
[Round "9.35"]
[White "Glasberger, Roman"]
[Black "Hampel, Rudolf"]
[Result "0-1"]
[WhiteElo "1533"]
[BlackElo "1597"]
[PlyCount "0"]
[EventDate "2022.08.27"]

1. e4 c5 2. Nf3 e6 3. d4 cxd4 4. Nxd4 Nf6 5. Nc3 Nc6 6. Be2 Bb4 7. f3 d5
8. Nxc6 bxc6 9. e5 Nd7 10. f4 Nc5 11. O-O Bxc3 12. bxc3 Ne4 13. Qe1 Qb6+ 14. Kh1
Ba6 15. Bd3 Bxd3 16. cxd3 Nc5 17. Qg3 O-O 18. f5 exf5 19. Bh6 Ne6 20. Rxf5 Kh8
21. Be3 Qc7 22. Rb1 Rab8 23. Rff1 Rb7 24. Rb3 Rfb8 25. Rfb1 a5 26. d4 a4 27. Rb4
Rxb4 28. Rxb4 Rxb4 29. cxb4 Qb7 30. Qe1 Qb5 31. Kg1 Kg8 32. Qd2 Qc4 33. Kf2 Nc7
34. Qc1 Qxc1 35. Bxc1 Nb5 36. Ke3 Kf8 37. h4 Ke7 38. g4 Ke6 39. Kd3 f6 40. Bf4
g6 41. exf6 Kxf6 42. Be5+ Ke6 43. Bf4 h5 44. gxh5 gxh5 45. Be5 Kf5 46. Bg3 Kg4
47. Be1 Kf3 48. Bd2 Nd6 49. Kc2 Ke4 50. Kb2 Nc4+ 51. Kc2 Nxd2 52. Kxd2 Kxd4
53. a3 Ke4 54. Ke2 d4 55. Kd2 d3 56. Ke1 Ke3 57. Kd1 Kd4 58. Kd2 Kc4 59. Ke3 Kc3
0-1